| 000 | 01152nam a22002655a 4500 | ||
|---|---|---|---|
| 005 | 2009081106006.0 | ||
| 008 | 090731s2009 ii b 001 0 eng | ||
| 010 | _aENG-94714 | ||
| 020 |
_a9788187966708 _c880.00 |
||
| 020 |
_a818796670X _c880.00 |
||
| 035 | _aEN-78247 | ||
| 037 | _bDBAD / PUB | ||
| 040 |
_adpl _bEnglish |
||
| 082 | _a355.02170954 | ||
| 100 | _aSethi, Manpreet | ||
| 245 |
_aNuclear strategy : _bIndia's march towards credible deterrence / _cby Manpreet Sethi ; introduction by Jasjit Singh |
||
| 260 |
_aNew Delhi _bKW Publishers in association with Centre for Air Power Studies, _c2009 |
||
| 270 |
_a4676/21, First Floor, Ansari Road, _bNew Delhi _e110002 |
||
| 300 |
_axxxiii, 395 p. _c24cm(Hb) |
||
| 500 | _aIncludes bibliographical references and index | ||
| 650 |
_aNuclear warfare _xGovernment policy _zIndia |
||
| 710 | _aCentre for Air Power Studies (New Delhi, India) | ||
| 942 |
_2ddc _cEN _mSET _h355.02170954 |
||
| 999 |
_c29108 _d29108 |
||